000
00203nam a22000977a 4500
003
SGT
245
_a
Oral Diseases
260
_b
Wiley Black well
_c
2013-2016
300
_a
830,826,676,814
942
_2
ddc
_c
BV
999
_c
30100
_d
30100